Normal view
MARC view
Entry Personal Name
001 - CONTROL NUMBER
- control field: 7448
003 - CONTROL NUMBER IDENTIFIER
- control field: OSt
005 - DATE AND TIME OF LATEST TRANSACTION
- control field: 20211028144119.0
008 - FIXED-LENGTH DATA ELEMENTS
- fixed length control field: 211028|| aca||aabn | a|a d
040 ## - CATALOGING SOURCE
- Original cataloging agency: OSt
- Transcribing agency: OSt
100 ## - HEADING--PERSONAL NAME
- Personal name: D Souza, Babitha Reena; Thomas, Babu.
- Miscellaneous information: 1416025
670 ## - SOURCE DATA FOUND
- Source citation: Work cat.: (OSt): D Souza, Babitha Reena; Thomas, Babu. 1416025, Study on recruitment and selection with reference t Justice K S Hegde Hospital Deralakatte Mangalore., 2016